| 000 | 00765nam a2200265 4500 | ||
|---|---|---|---|
| 001 | 4126557 | ||
| 005 | 20250407151006.0 | ||
| 007 | 000 | ||
| 008 | 000 | ||
| 010 | _a 76050063 | ||
| 020 | _a0070381313 | ||
| 040 |
_aUOEL _cDLC _dDLC |
||
| 050 | 0 | 0 |
_aQA164 _b.L58 1977 |
| 082 | 0 | 0 | _a511 |
| 100 | 1 |
_aLiu, C. L. _q(Chung Laung), _d1934- |
|
| 245 | 1 | 0 |
_aElements of discrete mathematics / _cC. L. Liu. |
| 260 |
_aNew York : _bMcGraw-Hill, _cc1977. |
||
| 300 |
_ax, 294 p. : _bill. ; _c25 cm. |
||
| 490 | 0 | _aMcGraw-Hill computer science series | |
| 504 | _aIncludes bibliographies and index. | ||
| 650 | 0 |
_aCombinatorial analysis. _xMathematics |
|
| 650 | 0 |
_aAlgebra, Abstract. _xMathematics |
|
| 906 |
_a7 _bcbc _corignew _d1 _eocip _f19 _gy-gencatlg |
||
| 942 |
_2lcc _cBK |
||
| 999 |
_c7381 _d7381 |
||